000 00625nam a2200133Ia 4500
008 100328s9999 xx 000 0 und d
082 _b59224
100 _aसोनार अनिल.
245 _aआला उंट पहाडाखाली (संमिश्र विनोदी एकांकिका).
260 _bआभा.
630 _aआला उंट पहाडाखाली (संमिश्र विनोदी एकांकिका).
730 _aआला उंट पहाडाखाली (संमिश्र विनोदी एकांकिका).
942 _cBOOK
999 _c545473
_d545470